Sao khuê Đại Việt

Saved in:
Bibliographic Details
Format: Book
Language:Undetermined
Subjects:
Tags: Add Tag
No Tags, Be the first to tag this record!
Institutions: Trung tâm Học liệu Trường Đại học Cần Thơ
LEADER 00345nam a2200133Ia 4500
001 CTU_102298
008 210402s9999 xx 000 0 und d
082 |a 959.7092 
082 |b S108 
245 0 |a Sao khuê Đại Việt 
650 |a Vietnam 
650 |x History 
904 |i M.Loan 
980 |a Trung tâm Học liệu Trường Đại học Cần Thơ